Eurowizja - Państwa nieaktywne - Statystyki

Ogólne statystyki
  • Ten quiz został rozwiązany 326 razy
    55 od ostatniego zresetowania
  • Średni wynik to 13 z 17
Statystyki odpowiedzi
Ostatni udział Odpowiedź % Poprawnych
2021 Rosja
89%
2012 Turcja
86%
2020 (Eurowizja odwołana) Białoruś
84%
2025 Hiszpania
80%
2025 Słowenia
80%
2019 Węgry
77%
2009 Andora
75%
2025 Islandia
75%
2006 Monako
75%
1992 ‡ Jugosławia
73%
2025 Irlandia
70%
2022 Macedonia Północna
70%
2012 Słowacja
70%
2025 Holandia
68%
2016 Bośnia i Hercegowina
66%
1980 Maroko
64%
2005 ‡ Serbia i Czarnogóra
59%
Nie znaleziono quizów pasujących do podanych kryteriów
Rozkład punktacji
Procent ludzi z każdym wynikiem
Percentyl według liczby udzielonych odpowiedzi
Twoja historia wyników
Nie rozwiązałeś tego quizu od ostatniego zresetowania